| 000 | 00335nam a2200133Ia 4500 | ||
|---|---|---|---|
| 005 | 20260326235444.0 | ||
| 008 | 260326s9999||||xx |||||||||||||| ||und|| | ||
| 100 | _aKoch, Alexander | ||
| 245 | 0 |
_aRestaurants-Cafés-Bars / _cAlexander Koch |
|
| 260 | _bAlexander Koch | ||
| 300 | _a407 p. | ||
| 650 | _aRESTAURANTES Y BARES | ||
| 942 | _cBK | ||
| 999 |
_c7527 _d7527 |
||